000 00590nam a22001937a 4500
003 0
005 20240125120108.0
008 240125b xxu||||| |||| 00| 0 eng d
020 _a978-1-119-87136-1
050 _aHG 4028
_b.Ep67 2022
100 _aEpstein, Lita
245 _aReading financial reports
_cLita Epstein
250 _a4th edition
260 _aHoboken, New Jersey
_bJohn Wiley & Sons, Inc.
_cc2022.
300 _axiv, 360 pages ;
_c24 cm.
504 _aIncludes bibliographical references, index, and glossary.
650 _aFinancial statements.
942 _2lcc
_cBK
999 _c365895
_d365895